000
00412nam a22000977a 4500
082
_a
800/ARY
245
_a
संत साहित्य और भारतीय वाडमय में प्रतीकों का विकास
260
_a
दिल्ली
_b
जास्मिन पब्लिकेशन
_c
2021
650
_a
काव्य समीक्षा
_9
48818
942
_c
HIN
999
_c
68957
_d
68957